The Quit India Movement : The 2nd world war and indian Nationalism (Record no. 54355)
[ view plain ]
| 000 -LEADER | |
|---|---|
| fixed length control field | 00528nam a2200181Ia 4500 |
| 001 - CONTROL NUMBER | |
| control field | 54392 |
| 008 - FIXED-LENGTH DATA ELEMENTS--GENERAL INFORMATION | |
| fixed length control field | 120203n ii |||gr||||Z||||||465 |
| 020 ## - INTERNATIONAL STANDARD BOOK NUMBER | |
| International Standard Book Number | 81-7331-001-7 |
| 082 ## - DEWEY DECIMAL CLASSIFICATION NUMBER | |
| Classification number | 954.085 |
| 100 ## - MAIN ENTRY--PERSONAL NAME | |
| Personal name | Bhuyan,Arun Chandra. |
| 245 #0 - TITLE STATEMENT | |
| Title | The Quit India Movement : The 2nd world war and indian Nationalism |
| Statement of responsibility, etc. | Arun Chandra Bhuyan |
| Medium | Textual Documents |
| 250 ## - EDITION STATEMENT | |
| Edition statement | 2nd edn 1993. |
| 260 ## - PUBLICATION, DISTRIBUTION, ETC. | |
| Place of publication, distribution, etc. | Assam |
| Name of publisher, distributor, etc. | lawyer`s books stall |
| 300 ## - PHYSICAL DESCRIPTION | |
| Extent | 267pg: |
| Dimensions | 23cm. |
| 653 ## - INDEX TERM--UNCONTROLLED | |
| Uncontrolled term | Quit India Movement |
| 653 ## - INDEX TERM--UNCONTROLLED | |
| Uncontrolled term | G-History |
| 942 ## - ADDED ENTRY ELEMENTS (KOHA) | |
| Source of classification or shelving scheme | Dewey Decimal Classification |
| Koha item type | Books |
| Withdrawn status | Lost status | Damaged status | Not for loan | Collection | Home library | Current library | Shelving location | Date acquired | Coded location qualifier | Cost, normal purchase price | Total checkouts | Full call number | Barcode | Date last seen | Copy number | Price effective from | Koha item type |
|---|---|---|---|---|---|---|---|---|---|---|---|---|---|---|---|---|---|
| Dr. Suryya Kumar Bhuyan Library | Dr. Suryya Kumar Bhuyan Library | 03/02/2012 | 00000 | 150.00 | 954.085 B469 Qu | 143/isl | 14/01/2024 | 1 | 03/02/2012 | Books |
